• 首页
  • 本馆介绍
  • 公告通知
  • 最新文献
  • 馆藏检索
  • 电子资源
  • 读者导购
  • 参考咨询
  • 我的图书馆
  • 登录
  • 详细信息显示
  • 放入我的书架
  • 预约/预借图书
  • 作者相关作品
  • 分类相关作品
  • 丛书相关作品
  • 出版社相关作品

书目信息

  • 表格格式
  • 工作单格式
  • 卡片格式
题名:
科技日语常用词汇
    
 
作者: ;大连工学院词典编辑部 编
分册:  
出版信息: 北京   高等教育出版社  1982
页数: 218页
开本: 19cm
丛书名:
单 册:
中图分类: H363.1
科图分类:
主题词: 科学技术-日语-词汇 , 词汇-日语-科学技术 , 日语 , 日语-科学技术-词汇
电子资源:
ISBN:
000 00779nam0 2200265 45
001 0183006880
005 20060819084045.26
010    @dCNY0.66
091    @a9101.0143
100    @a19950426e19831982em y0chiy0121 ea
101 0  @achi@ajpn
102    @aCN@b110000
105    @ay e 000yy
200 10 @a科技日语常用词汇@Ake ji ri yu chang yong ci hui@f大连工学院词典编辑部编
210    @a北京@c高等教育出版社@d1982@h1983
215    @a218页@d19cm
606    @a科学技术-日语-词汇
606    @a词汇-日语-科学技术
606 0  @a日语
606    @a日语-科学技术-词汇
690    @aH363.1
711 02 @a大连工学院词典编辑部@Ada lian gong xue yuan ci dian bian ji bu@4编
801  0 @aCN@b上海图书馆@c20060819
801  2 @aCN@bNLC@c20060728
905    @f4@b151671-674@dH363.1@e104
    
    科技日语常用词汇/大连工学院词典编辑部编.-北京:高等教育出版社,1982(1983)
    218页;19cm
    
    
    ISBN :CNY0.66
    
●
相关链接 在E读中查询图书 在五车中查询图书 在当当中查询图书 在豆瓣中查询图书


正题名:科技日语常用词汇     索取号:H363.1/104         预约/预借

序号 登录号 条形码 馆藏地/架位号 状态 备注
1 0151671   001056403   密集书库/ [索取号:H363.1/104] 在馆    
2 0151672   001056396   第四借阅区/ [索取号:H363.1/104] 在馆    
3 0151673   001056412   密集书库/ [索取号:H363.1/104] 在馆    
4 0151674   001056378   密集书库/ [索取号:H363.1/104] 在馆    
5 0151675   001056387   第二样本阅览室/ [索取号:H363.1/104] 在馆    
6 0435175   204351753   密集书库/ [索取号:H363.1/104] 在馆    
7 0435176   204351762   密集书库/ [索取号:H363.1/104] 在馆    
8 0435177   204351771   密集书库/ [索取号:H363.1/104] 在馆    
9 0435178   204351780   密集书库/ [索取号:H363.1/104] 在馆    
10 0435179   204351799   密集书库/ [索取号:H363.1/104] 在馆    
11 0435180   204351806   密集书库/ [索取号:H363.1/104] 在馆    
12 0436876   204368763   密集书库/ [索取号:H363.1/104] 在馆    
13 0436877   204368772   密集书库/ [索取号:H363.1/104] 在馆    
14 0436878   204368781   密集书库/ [索取号:H363.1/104] 在馆    
15 0436879   204368790   密集书库/ [索取号:H363.1/104] 在馆    
16 0436880   204368807   密集书库/ [索取号:H363.1/104] 在馆    
17 0443732   204437323   密集书库/ [索取号:H363.1/104] 在馆    
18 0443733   204437332   密集书库/ [索取号:H363.1/104] 在馆    
19 0443734   204437341   密集书库/ [索取号:H363.1/104] 在馆    
20 0443735   204437350   密集书库/ [索取号:H363.1/104] 在馆    
21 0466769   204667690   密集书库/ [索取号:H363.1/104] 在馆    
唐山师范学院图书馆 欢迎您!
大连网信软件有限公司© 版权所有